| 000 | 00700nmm a2200265 a 4500 | ||
|---|---|---|---|
| 003 | AR-BaBNM | ||
| 005 | 20251128202752.0 | ||
| 008 | 287019s1975 ||||||||||||||000 | spa|| | ||
| 040 | _cAR-BaBNM | ||
| 100 | 1 | _aMoracci Bauvier Vila, Héctor H. | |
| 245 | 1 | 0 | _aTeoría piramidal y cuatro cuentos apocalípticos |
| 250 | _a3ª ed. | ||
| 260 |
_aBuenos Aires _bEl autor _c1975 |
||
| 300 | 0 | _a80 p. | |
| 500 | 0 | _aContiene referencias bibliográficas en p. 61 | |
| 650 | 4 | _aLITERATURA ARGENTINA | |
| 650 | 4 | _aCIENCIA FICCION | |
| 650 | 4 | _aCOSMOLOGIA | |
| 650 | 4 | _aASTROLOGIA | |
| 650 | 4 | _aMISTICISMO | |
| 653 | 0 | _aCUENTO FANTASTICO | |
| 655 | _aLITERATURA | ||
| 942 | _cBK | ||
| 998 | _cMARTIN | ||
| 999 |
_c477 _d477 |
||